000 00344nam a2200133Ia 4500
008 191201s2000 xx 000 0 und d
100 _aZEIGLER, Bernard P
245 0 _aTheory of Modeling and Simulation
250 _a2nd
260 _aN.Delhi
_bAcademic Press Hascourt India
_c2000
300 _a510
650 _aB.Tech(CSE)
942 _2ddc
_cBK
999 _c1453
_d1453